| 000 | 00794nam a22002417a 4500 | ||
|---|---|---|---|
| 003 | OSt | ||
| 005 | 20260127111234.0 | ||
| 008 | 260127b |||||||| |||| 00| 0 eng d | ||
| 020 | _a8173200386 | ||
| 040 |
_cHDL _bEng |
||
| 100 | 1 |
_aBawa, Seema. _91107710 |
|
| 245 | 1 | 0 |
_aReligion and art of the Chamba Valley (A.D. 700-1300) / _cSeema Bawa. |
| 260 |
_aDelhi : _bAgam Kala Prakashan, _c1998. |
||
| 300 |
_axii, 183 p. : _bill. (some col.), map ; _c25 cm. |
||
| 336 |
_atext _btxt _2rdacontent |
||
| 337 |
_aunmediated _bn _2rdamedia |
||
| 338 |
_avolume _bnc _2rdacarrier |
||
| 504 | _aIncludes bibliographical references (p. [162]-175) and index. | ||
| 650 | 0 |
_aArts _zIndia _zChamba. _91107711 |
|
| 651 | 0 |
_aChamba (India) _xReligion. _91107712 |
|
| 942 |
_2CC _cTEXL _n1 |
||
| 999 |
_c1672561 _d1672561 |
||